000 00814cam a2200253 a 4500
001 279
003 BR-CuiBMT
005 20231025221417.0
008 230919s2016 mgb 010 0 por d
020 _a9788545001170
040 _aBR-CuiBMT
_cBR-CuiBMT
080 _22007
_a342
090 _a342
_bM838n
100 1 _aMoreira Neto, Diogo de Figueiredo,
_d1933-2017
245 1 0 _aNovas mutações juspolíticas :
_bem memória de Eduardo García de Enterría, jurista de dois mundos /
_cDiego de Figueiredo Moreira Neto.
260 _aBelo Horizonte :
_bFórum,
_c2016.
300 _a396 p. ;
_c22 cm
504 _aInclui bibliografia.
650 _aDireito público
_xAdministração
650 _aSociologia
_xDireitos humanos
650 _aEconomia
_xDireito
650 _aPolítica
_xDireito
942 _2udc
_cLV
999 _c279
_d279